000 00871nmm a2200325 a 4500
003 AR-BaBNM
005 20251128210312.0
008 011101s1996 ||||||||||||||000 | spa||
020 _a987-9069-70-6
040 _cAR-BaBNM
100 1 _aMontes, Graciela
245 1 0 _aEl golpe y los chicos
250 _a1ª ed.
260 _aBuenos Aires
_bGramón Colihue
_c1996
300 0 _a79 p.
_bil.
585 _aExpuesto en: Feria del Libro 2006
650 4 _aENSENANZA DE LAS CIENCIAS SOCIALES
650 4 _aTORTURA
650 4 _aAUTORITARISMO
650 4 _aDERECHOS HUMANOS
650 4 _aVIOLACION DE LOS DERECHOS HUMANOS
650 4 _aHISTORIA
650 4 _aPOLITICA
650 4 _aGOLPES DE ESTADO
651 4 _aArgentina
653 0 _aPROCESO DE REORGANIZACION NACIONAL
653 0 _aDICTADURA MILITAR 1976-1983
942 _cBK
998 _cCarmen
999 _c14865
_d14865